| 000 | 00944nam a2200229 i 4500 | ||
|---|---|---|---|
| 001 | 190682 | ||
| 003 | ES-MaACL | ||
| 005 | 20250814085838.0 | ||
| 008 | 220509s1965 sp a 100 0 spa d | ||
| 080 | _a791(460) | ||
| 245 | 0 | 0 |
_aI Semana de Cine Griego : _bmes de mayo de 1965 : programa / _cAteneo de Madrid, Cine Club ; organizada con la colaboración de la Embajada Real de Grecia en España ; [introducción a la Semana, Luis Quesada, director del Cine-Club]. |
| 246 | 3 | _aPrimera Semana de Cine Griego | |
| 260 |
_a[Madrid : _bAteneo de Madrid, _c1965] |
||
| 300 |
_a16 p. : _bil. ; _c25 cm + _e[4] p. |
||
| 594 | _aEn contracub.: Salón de Actos del Ateneo de Madrid. Sesiones: 10,30 noche | ||
| 650 | 7 |
_aCine- _zGrecia _2 _9174425 |
|
| 650 | 4 |
_aCine- _zEspaña- _y1939-1975. _911026 |
|
| 700 | 1 |
_aQuesada, Luis _9174426 |
|
| 710 | 2 |
_aAteneo de Madrid. _91875 |
|
| 852 | 4 |
_aES-MaACL _j2342-F-34 |
|
| 999 |
_c190682 _d190682 |
||